000 01267nam0a2200313 i 4500
001 RU\NLR\bibl\1914961
005 20240921115306.0
010 _a9785919402404
_9500
021 _aRU
_b2012-37824
_92803
035 _a(NLR Aleph) 001904467
090 _a3091908
_c3091908
100 _a20120618d2012 u y0rusy50 ca
101 0 _arus
102 _aRU
105 _ay |||||||||
200 1 _aСоциально-правовой статус сотрудника уголовно-исполнительной системы
_f[сост.: М.А. Есин]
210 _aМосква
_cПеро
_d2012
215 _a200 с.
_d21
300 _aЗагл. обл.: Социально-правовой статус сотрудника УИС
512 0 _aСоциально-правовой статус сотрудника УИС
606 1 _aУголовно-исполнительная система
_xКадры
_xПравовое положение
_yРоссийская Федерация
_92433504
_3RU\NLR\auth\661448261
686 _aХ628.401
702 1 _aЕсин
_bМ. А.
_gМихаил Анатольевич
801 0 _aRU
_bNLR
_c20120618
_gRCR
801 1 _aRU
_bNLR
_c20120618
830 _aпо кн
942 _cBOOK
980 _aNBR